| 000 | 00416nam a22001457a 4500 | ||
|---|---|---|---|
| 999 |
_c7511 _d7509 |
||
| 005 | 20210305112314.0 | ||
| 008 | 210305b ||||| |||| 00| 0 eng d | ||
| 082 | _a346.066 | ||
| 100 |
_aAIYAR,A.N. _96466 |
||
| 245 | _aREPORTS OF COMPANY CASES:INCLUDING CASES ON BANKING AND INSURENCE [ VOL-8] | ||
| 260 |
_aMADRAS _bTHE COMPANY LAW INSTITUTE, INDIA _c1938 |
||
| 300 | _aI-16,P | ||
| 650 |
_aLAW _95701 |
||
| 942 | _cJRL | ||